=LDR 00000nam 2200000 4500 =001 INLIS000000000005923 =005 20130612094115 =008 ***********************************Ind** =035 ##$$a0010-061300000005923 =041 ##$$a Ind =082 ##$$a 113.8 =090 ##$$a 113.8, Sya f =100 ##$$a Syafiie, Inu Kencana =245 ##$$a Filsafat kehidupan, Drs. Inu Kencana Syafiie =260 ##$$a 1995 $b Jakarta =300 ##$$a xx, 358 hlm., Ilus, 21 cm =650 ##$$a Filsafat =850 ##$$a NBPNMAT =990 ##$$a 0001/BPAP-NTB/20142014 =990 ##$$a 0001/BPAP-NTB/20142014 =990 ##$$a 0001/BPAP-NTB/20142014